Ancient Middle Eastern Empires - Statistics

General Stats
  • This quiz has been taken 104 times
    102 since last reset
  • The average score is 5 of 10
Answer Stats
HInt Empire % Correct
Founded: 23rd Century BC Capital:Babylon Babylon
85%
Founded: 31 BC Capital: Rome Rome
84%
Founded: 3100 BC Capital: Memphis Egypt
81%
Founded: 911 BC Capital:Assur Assyria
78%
Founded:550 BC Capital:Persepolis Persia
78%
Founded: 2334 BC Capital: Akkad Akkad
65%
Founded:16th Century BC Capital:Hattusha Hittite
39%
Founded: 12th Millenium BC Capital:Uruk Mesopotamia
17%
Founded: 861 BC Capital:Tushpa Urartu
5%
Founded:2500 BC Capital:Mari Amorite
1%
No matching quizzes found
Score Distribution
Percent of People with Each Score
Percentile by Number Answered
Your Score History
You have not taken this quiz since the last reset